Odvětvové problémy strukturálních změn v ekonomice ČSSR závěrečná výzkumná zpráva za léta 1976-1980

Salvato in:
Dettagli Bibliografici
Natura: Libro
Lingua:ceco
Pubblicazione: Praha Výzkumný ústav plánování a řízení národního hospodářství 1980
Serie:Výzkumná práce č. 92
Tags: Aggiungi Tag
Nessun Tag, puoi essere il primo ad aggiungerne!!

MARC

LEADER 00000nam a2200000 4500
001 c142278
005 20181203150525.5
041 0 |a cze 
044 |a CZ 
245 1 0 |a Odvětvové problémy strukturálních změn v ekonomice ČSSR  |b závěrečná výzkumná zpráva za léta 1976-1980 
264 1 |a Praha  |b Výzkumný ústav plánování a řízení národního hospodářství  |c 1980 
300 |a 74 s. 
490 1 |a Výzkumná práce  |v č. 92 
830 0 |a Výzkumná práce  |v č. 92